LEADER 01564nam a2200337 a 4500 001 000000125241 003 CaOOAMICUS 005 20110509144605.0 008 110509s2007 it fd u001 0 ita r 020 $a978-88-498-1713-3 040 $aPUL$bita 082 04$a361.65 100 1 $aFelice, Flavio,$d1969-$0(OLS)http://pul/name/42078 245 10$aWelfare Society :$bdal paternalismo di Stato alla sussidiarietà orizzontale /$cFlavio Felice ; prefazione di Charles Murray ; postfazione di Luca Antonini. 260 $aSoveria Mannelli :$bRubbettino,$cc©2007. 300 $a228 p. :$btav., grafici ;$c21 cm 490 1 $aLa politica. Metodi, storie, teorie ;$v78 504 $aBibliografia p. 213-222. 650 14$aWelfare state.$0(OLS)http://pul/subject/18631 700 1 $aMurray, Charles A.$0(OLS)http://pul/name/41799 700 1 $aAntonini, Luca.$0(OLS)http://pul/name/70356 830 3$aLa politica.$pMetodi, storie, teorie ;$v78.$0(OLS)http://pul/title/75083 850 $aPUL 852 $aPUL$W1$xSL Diritto e Scienze Sociali 3$y79$m361. 65 FELFL 1$j144216$qDDC 21$B143245$CPULBib$Z2$F143245 $H116503 $82 941 1 $a9 960 $aStato sociale$918631 996 $6020$a978-88-498-1713-3$9(OLS)http://pul/number/147101 996 $6082$a361.65$9(OLS)http://pul/classification/1846 996 $6245$aWelfare Society :$bdal paternalismo di Stato alla sussidiarietà orizzontale$9(OLS)http://pul/title/157900 996 $6260$aSoveria Mannelli :$bRubbettino$9(OLS)http://pul/publisher/51639 LEADER 01538nam a2200337 a 4500 001 000000167710 003 CaOOAMICUS 005 20180518164718.0 008 180518s2018 it u000 u ita r 020 $a978-88-922-1346-3* 032 $aLibriCat 040 $aPUL$bita 041 0 $aita$agrc 082 14$a227 130 0 $aBiblia.$pN.T.$pEpistolae catholicae.$lItaliano.$0(OLS)http://pul/title/43072 245 00$aSeconda lettera di Pietro :$bintroduzione, traduzione e commento / $ca cura di Marida Nicolaci. 260 $aCinisello Balsamo :$bSan Paolo,$c2018. 300 $a144 p. ;$c22 cm. 490 1 $aNuovissima versione della Bibbia dai testi antichi ;$v54.2 546 $aTesto in greco con traduzione italiana, introduzione e commento in italiano. 630 04$aBiblia.$pN.T.$pEpistolae catholicae.$0(OLS)http://pul/subject/9854 700 1 $aNicolaci, Marida.$0(OLS)http://pul/name/91293 830 0$aNuova versione della Bibbia dai testi antichi ;$v54.2.$0(OLS)http://pul/title/156526 850 $aPUL 852 $aPUL$W1$xSL Religione 3$y85$m227 NICMA 3$j191494$qDDC 21$B195360$CPULBib$Z2$F195360 $H130772 $81 941 1 $a9 996 $6020$a978-88-922-1346-3*$9(OLS)http://pul/number/164065 996 $6082$a227$9(OLS)http://pul/classification/522 996 $6245$aSeconda lettera di Pietro :$bintroduzione, traduzione e commento / $9(OLS)http://pul/title/207813 996 $6260$aCinisello Balsamo :$bSan Paolo$9(OLS)http://pul/publisher/54577